000 00462nam a2200181Ia 4500
003 OSt
005 20260328105550.0
008 250729s2010 xx 000 0 und d
040 _cAL
041 _akan
082 _a494.50CHIK
100 _aDr.M.Chidhanada Murthy
_9230655
245 _aKarnataka nadageethe : ondu vishleshane
260 _aBangalore
_bkannada Pusthaka Pradhikara
_c2010
300 _a56p
650 _aKannada
_9230656
942 _2ddc
_cBED
999 _c238890
_d238890